000 00452nam a2200133Ia 4500
008 151001s9999||||xx |||||||||||||| ||und||
100 _aवासुदेव शरण अग्रवाल
245 _aवासुदेव शरण अग्रवाल रचना संचयन
250 _a1
260 _bसाहित्य अकादमी नई दिल्ली
260 _c२०१२
300 _a734
365 _b21
999 _c1002444
_d1002441